LEADER 01724nam 2200361Ia 450 001 996386502503316 005 20200824132606.0 035 $a(CKB)4940000000077321 035 $a(EEBO)2240960644 035 $a(OCoLC)ocm12431508e 035 $a(OCoLC)12431508 035 $a(EXLCZ)994940000000077321 100 $a19850827d1661 uy | 101 0 $aeng 135 $aurbn||||a|bb| 200 12$aA new discovery of the old art of teaching schoole$b[electronic resource] $ein four small treatises ... : shewing how children in their playing years may grammatically attain to a firm groundedness in and exercise of the Latine, Greek, and Hebrew tongues : written about twenty three yeares ago, for the benefit of the Rotherham School where it was first used, and after 14 years trial by diligent practise in London in many particulars enlarged, and now at last published for the general profit, especially of young schoole-masters /$fby Charles Hoole .. 210 $aLondon $cPrinted by J.T. for Andrew Crook ...$d1661 215 $a[26], 41, [2], 309 p 300 $aEach treatise has special t.p. dated 1659, and the first is also paged separately. 300 $aReproduction of original in Harvard University Libraries. 327 $a(from t.p.) 1. The petty-schoole -- 2. The ushers duty -- 3. The masters method -- 4. Scholastick discipline. 330 $aeebo-0062 606 $aTeaching$vEarly works to 1800 615 0$aTeaching 700 $aHoole$b Charles$f1610-1667.$0793350 801 0$bEAA 801 1$bEAA 801 2$bm/c 801 2$bWaOLN 906 $aBOOK 912 $a996386502503316 996 $aA new discovery of the old art of teaching schoole$92365730 997 $aUNISA LEADER 04738nam 2200745 450 001 9910822398503321 005 20201023111955.0 010 $a1-84788-095-9 024 7 $a10.5040/9781350044609 035 $a(CKB)1000000000411080 035 $a(MH)009972539-8 035 $a(SSID)ssj0000100881 035 $a(PQKBManifestationID)11121995 035 $a(PQKBTitleCode)TC0000100881 035 $a(PQKBWorkID)10037226 035 $a(PQKB)10148135 035 $a(MiAaPQ)EBC4636332 035 $a(MiAaPQ)EBC5730759 035 $a(Au-PeEL)EBL5730759 035 $a(OCoLC)1103218952 035 $a(OCoLC)1170361524 035 $a(CaBNVSL)mat50044609 035 $a(CaBNVSL)9781350044609 035 $a(EXLCZ)991000000000411080 100 $a20201023h20202006 uy 0 101 0 $aeng 135 $aurcn||||||||| 181 $ctxt 182 $cc 183 $acr 200 00$aAlcohol $ea social and cultural history /$fedited by Mack P. Holt 205 $aEnglish edition. 210 1$aLondon, England :$cBerg,$d2006. 210 2$aLondon, England :$cBloomsbury Publishing,$d2020 215 $a1 online resource (ix, 246 p. ) 300 $aBibliographic Level Mode of Issuance: Monograph 311 $a1-84520-166-3 311 $a1-84520-165-5 320 $aIncludes bibliographical references and index. 327 $aTo your health : wine as food and medicine in mid-sixteenth-century Italy / Ken Albala -- Europe divided : wine, beer, and the Reformation in sixteenth-century Europe / Mack P. Holt -- In the public sphere : efforts to curb the consumption of rum in Connecticut, 1760-1820 / David W. Conroy -- In vino veritas : the construction of alcoholic disease in liberal Italy, 1880-1914 / Paul A. Garfinkel -- Mon docteur le vin : wine and health in France, 1900-1950 / Kim Munholland -- Drinking and alehouses in the diary of an English mercer's apprentice, 1663-1674 / A. Lynn Martin -- Taverns and the public sphere in the French Revolution / Thomas Brennan -- Drink, sociability, and social class in France, 1789-1945 : the emergence of a proletarian public sphere / W. Scott Haine -- The lore of the brotherhood : continuity and change in urban American saloon culture, 1870-1920 / Madelon M. Powers -- "To the king o'er the water" : Scotland and claret, c. 1660-1763 / Charles Cameron Ludington -- Revenue and revelry on tap : the Russian tavern / Patricia Herlihy -- Drinking the good life : Australia c. 1880-1980 / Diane Kirkby -- Kaleidoscope in motion : drinking in the United States, 1400-2000 / Jack S. Blocker, Jr. 330 8 $aWhy are we so ambivalent about alcohol? Are we torn between our love of a drink and the need to restrict, or even prohibit, alcohol? How did saloon culture arise in the United States? Why did wine become such a ubiquitous part of French culture?Alcohol: A Social and Cultural History examines these questions and many more as it considers how drink has evolved in its functions and uses from the late Middle Ages to the present day in the West. Alcohol has long played an important role in societies throughout history, and understanding its consumption can reveal a great deal about a culture. This book discusses a range of issues, including domestic versus recreational use, the history of alcoholism, and the relationship between alcohol and violence, religion, sexuality, and medicine. It looks at how certain forms of alcohol speak about class, gender and place. Drawing on examples from Europe, North America and Australia, this book provides an overview of the many roles alcohol has played over the past five centuries. 606 $aDrinking of alcoholic beverages$xHistory 606 $aAlcoholism$xHistory 606 $aBars (Drinking establishments)$xHistory 606 $aAlcohol Drinking$xhistory 606 $aAlcoholism$xhistory 606 $aAlcoholic Beverages$xhistory 606 $aGeneral & world history$2bicssc 615 0$aDrinking of alcoholic beverages$xHistory. 615 0$aAlcoholism$xHistory. 615 0$aBars (Drinking establishments)$xHistory. 615 2$aAlcohol Drinking$xhistory. 615 2$aAlcoholism$xhistory. 615 2$aAlcoholic Beverages$xhistory. 615 7$aGeneral & world history 676 $a394.1/309 702 $aHolt$b Mack P. 801 0$bCOO 801 1$bCaBNVSL 801 2$bCaBNVSL 906 $aBOOK 912 $a9910822398503321 996 $aAlcohol$91896268 997 $aUNINA 999 $aThis Record contains information from the Harvard Library Bibliographic Dataset, which is provided by the Harvard Library under its Bibliographic Dataset Use Terms and includes data made available by, among others the Library of Congress LEADER 01351nam0 22003493i 450 001 MIL0540655 005 20251003044235.0 010 $a2876471531 100 $a20080523e19931932||||0itac50 ba 101 | $afre 102 $afr 181 1$6z01$ai $bxxxe 182 1$6z01$an 200 1 $aˆLa ‰théorie atomique et la description des phénomènes$fNiels Bohr 210 $aSceaux$cJ. Gabay$d[1993] 215 $a111 p.$d22 cm 225 | $aˆLes ‰grands classiques Gauthier-Villars 300 $aRipr. facs. dell'ed.: Paris : Gauthier-Villars, 1932. 410 0$1001UFI0219606$12001 $aˆLes ‰grands classiques Gauthier-Villars 606 $aAtomo$xTeorie$2FIR$3SBLC012462$9I 676 $a539$9Fisica moderna$v14 700 1$aBohr$b, Niels$3RAVV061891$4070$0256 790 1$aBohr$b, Niels Henrik David$3MILV261085$zBohr, Niels 790 1$aBohr$b, Niels Henrik David$f <1885-1962>$3NAPV108448$zBohr, Niels 801 3$aIT$bIT-000000$c20080523 850 $aIT-BN0095 901 $bNAP 01$cRIPR. FACS$n$ 912 $aMIL0540655 950 0$aBiblioteca Centralizzata di Ateneo$c1 v.$d 01RIPR. FACSFr. B 0046$e 0102 0000066025 VMA 1 v.$fY $h20080523$i20080523 977 $a 01 996 $aThéorie atomique et la description des phénomènes$9103960 997 $aUNISANNIO